000 00783nam a2200205 i 4500
001 68247
003 ES-MaACL
005 20230906170231.0
007 t|
008 040611s1966 sp af |||| | spa d
100 1 _aGarcía Abad, Albano.
_954107
245 1 0 _aSoria, fundación de Sta. Teresa
_b: la fundación del Convento de Carmelitas Descalzas de la ciudad de Soria por Sta. Teresa de Jesús /
_cAlbano García Abad, Víctor Higes.
260 _aBurgos :
_b[s.n.,
_c1966] (
_fTip. "El Monte Carmelo")
300 _aXX, 21, 383 p., 4 p. de lám. :
_bil. ;
_c21 cm.
600 0 0 _aTeresa de Jesús,
_cSanta,
_d1515-1582
_9226510
610 2 4 _aCarmelitas Descalzas-
_zSoria.
_9170524
700 1 _aHiges, Víctor.
_963633
852 _aES-MaACL
_jC-30789
999 _c68247
_d68247